[Event "Stay Safe Play From Home 377"]
[Site "Emanuel Lasker Arena"]
[Date "2020.08.12"]
[Round "7"]
[White "Mepe_Nika"]
[Black "Hickey"]
[Result "1-0"]
[WhiteElo "2359"]
[BlackElo "2111"]
[PlyCount "89"]
[EventDate "2020.08.12"]
[EventType "swiss (blitz)"]

1. d4 {[%emt 0:00:01]} Nf6 {[%emt 0:00:02]} 2. Bf4 {[%emt 0:00:00]} e6 {[%emt 0:00:00]} 3. e3 {[%emt 0:00:01]} Be7 {[%emt 0:00:00]} 4. Nf3 {[%emt 0:00:01]} O-O {[%emt 0:00:00]} 5. h3 {[%emt 0:00:00]} b6 {[%emt 0:00:00]} 6. Be2 {[%emt 0:00:01]} Bb7 {[%emt 0:00:00]} 7. O-O {[%emt 0:00:00]} d6 {[%emt 0:00:01]} 8. c4 {[%emt 0:00:00]} Nbd7 {[%emt 0:00:00]} 9. Nc3 {[%emt 0:00:00]} c5 {[%emt 0:00:00]} 10. b3 {[%emt 0:00:01]} Re8 {[%emt 0:00:01]} 11. Bh2 {[%emt 0:00:01]} a6 {[%emt 0:00:00]} 12. Nd2 {[%emt 0:00:01]} cxd4 {[%emt 0:00:01]} 13. exd4 {[%emt 0:00:01]} e5 {[%emt 0:00:00]} 14. dxe5 {[%emt 0:00:01]} dxe5 {[%emt 0:00:00]} 15. Bf3 {[%emt 0:00:01]} Bxf3 {[%emt 0:00:02]} 16. Qxf3 {[%emt 0:00:01]} Bb4 {[%emt 0:00:03]} 17. Rfd1 {[%emt 0:00:01]} Bxc3 {[%emt 0:00:01]} 18. Qxc3 {[%emt 0:00:01]} Qe7 {[%emt 0:00:00]} 19. Qe3 {[%emt 0:00:02]} Qc5 {[%emt 0:00:02]} 20. Qxc5 {[%emt 0:00:02]} Nxc5 {[%emt 0:00:00]} 21. Bg3 {[%emt 0:00:00]} Rad8 {[%emt 0:00:03]} 22. Nf1 {[%emt 0:00:00]} Nfe4 {[%emt 0:00:01]} 23. Rxd8 {[%emt 0:00:02]} Rxd8 {[%emt 0:00:01]} 24. Bxe5 {[%emt 0:00:00]} f6 {[%emt 0:00:01]} 25. Bf4 {[%emt 0:00:02]} g5 {[%emt 0:00:02]} 26. Bc7 {[%emt 0:00:01]} Rd7 {[%emt 0:00:03]} 27. Bxb6 {[%emt 0:00:00]} Nd3 {[%emt 0:00:00]} 28. Be3 {[%emt 0:00:02]} f5 {[%emt 0:00:01]} 29. Nd2 {[%emt 0:00:02]} Nc3 {[%emt 0:00:02]} 30. Bxg5 {[%emt 0:00:03]} f4 {[%emt 0:00:01]} 31. Nf3 {[%emt 0:00:02]} Ne4 {[%emt 0:00:05]} 32. Bh4 {[%emt 0:00:02]} a5 {[%emt 0:00:02]} 33. Ng5 {[%emt 0:00:02]} Nc3 {[%emt 0:00:02]} 34. Nf3 {[%emt 0:00:01]} Ne4 {[%emt 0:00:01]} 35. g3 {[%emt 0:00:02]} Nexf2 {[%emt 0:00:02]} 36. gxf4 {[%emt 0:00:02]} Nxh3+ {[%emt 0:00:00]} 37. Kh2 {[%emt 0:00:01]} Nhxf4 {[%emt 0:00:00]} 38. Rg1+ {[%emt 0:00:01]} Kf8 {[%emt 0:00:01]} 39. Bg3 {[%emt 0:00:01]} Ne2 {[%emt 0:00:01]} 40. Rf1 {[%emt 0:00:00]} Nxg3 {[%emt 0:00:01]} 41. Kxg3 {[%emt 0:00:00]} Kg8 {[%emt 0:00:01]} 42. Ng5 {[%emt 0:00:01]} Nb4 {[%emt 0:00:01]} 43. Ne6 {[%emt 0:00:01]} Rd3+ {[%emt 0:00:00]} 44. Rf3 {[%emt 0:00:01]} Rd2 {[%emt 0:00:01]} 45. Rf8# {[%emt 0:00:01] (Lag: Av=0.59s, max=1.0s) (Lag: Av=0.59s, max=1.0s) (Lag: Av=0.59s, max=1.0s)} 1-0

[Event "Stay Safe Play From Home 377"]
[Site "Emanuel Lasker Arena"]
[Date "2020.08.12"]
[Round "7"]
[White "Lamborghini"]
[Black "buzaglo"]
[Result "1-0"]
[WhiteElo "2255"]
[BlackElo "1861"]
[PlyCount "53"]
[EventDate "2020.08.12"]
[EventType "swiss (blitz)"]

1. e4 {[%emt 0:00:01]} e6 {[%emt 0:00:00]} 2. d4 {[%emt 0:00:01]} d5 {[%emt 0:00:00]} 3. Nc3 {[%emt 0:00:01]} c5 {[%emt 0:00:00]} 4. exd5 {[%emt 0:00:01]} exd5 {[%emt 0:00:01]} 5. Bb5+ {[%emt 0:00:01]} Bd7 {[%emt 0:00:01]} 6. Qe2+ {[%emt 0:00:02]} Ne7 {[%emt 0:00:03]} 7. dxc5 {[%emt 0:00:01]} Nbc6 {[%emt 0:00:02]} 8. Be3 {[%emt 0:00:01]} d4 {[%emt 0:00:02]} 9. Bxc6 {[%emt 0:00:03]} dxe3 {[%emt 0:00:02]} 10. Bxd7+ {[%emt 0:00:01]} Qxd7 {[%emt 0:00:01]} 11. Qxe3 {[%emt 0:00:01]} Qe6 {[%emt 0:00:02]} 12. Qxe6 {[%emt 0:00:02]} fxe6 {[%emt 0:00:00]} 13. O-O-O {[%emt 0:00:01]} Nc6 {[%emt 0:00:02]} 14. Ne4 {[%emt 0:00:01]} g6 {[%emt 0:00:03]} 15. Nf3 {[%emt 0:00:01]} Bg7 {[%emt 0:00:01]} 16. Nd6+ {[%emt 0:00:01]} Ke7 {[%emt 0:00:01]} 17. c3 {[%emt 0:00:01]} b6 {[%emt 0:00:01]} 18. Rhe1 {[%emt 0:00:04]} bxc5 {[%emt 0:00:01]} 19. Ne4 {[%emt 0:00:01]} e5 {[%emt 0:00:03]} 20. Nxc5 {[%emt 0:00:01]} a5 {[%emt 0:00:02]} 21. Nd3 {[%emt 0:00:01]} e4 {[%emt 0:00:01]} 22. Rxe4+ {[%emt 0:00:01]} Kf6 {[%emt 0:00:00]} 23. Nf4 {[%emt 0:00:02]} g5 {[%emt 0:00:01]} 24. Re6+ {[%emt 0:00:04]} Kf5 {[%emt 0:00:01]} 25. Rxc6 {[%emt 0:00:01]} gxf4 {[%emt 0:00:01]} 26. Rd5+ {[%emt 0:00:01]} Kg4 {[%emt 0:00:06]} 27. h3# {[%emt 0:00:01] (Lag: Av=0.48s, max=1.2s) (Lag: Av=0.48s, max=1.2s) (Lag: Av=0.48s, max=1.2s)} 1-0

[Event "Stay Safe Play From Home 377"]
[Site "Emanuel Lasker Arena"]
[Date "2020.08.12"]
[Round "7"]
[White "SelamiSahin"]
[Black "Stepmaker"]
[Result "1-0"]
[WhiteElo "2116"]
[BlackElo "1419"]
[PlyCount "51"]
[EventDate "2020.08.12"]
[EventType "swiss (blitz)"]

{Yarar, Atakan} 1. d4 {[%emt 0:00:02]} e6 {[%emt 0:00:01]} 2. c3 {[%emt 0:00:01]} d5 {[%emt 0:00:00]} 3. Nf3 {[%emt 0:00:00]} c6 {[%emt 0:00:01]} 4. g3 {[%emt 0:00:00]} Nd7 {[%emt 0:00:01]} 5. Bg2 {[%emt 0:00:00]} f6 {[%emt 0:00:01]} 6. O-O {[%emt 0:00:00]} Ne7 {[%emt 0:00:00]} 7. e4 {[%emt 0:00:01]} b6 {[%emt 0:00:01]} 8. exd5 {[%emt 0:00:01]} cxd5 {[%emt 0:00:01]} 9. Re1 {[%emt 0:00:00]} Bb7 {[%emt 0:00:01]} 10. Qa4 {[%emt 0:00:01]} Qc7 {[%emt 0:00:01]} 11. Bf4 {[%emt 0:00:01]} Qc6 {[%emt 0:00:05]} 12. Qb3 {[%emt 0:00:01]} Rc8 {[%emt 0:00:02]} 13. Na3 {[%emt 0:00:01]} e5 {[%emt 0:00:01]} 14. dxe5 {[%emt 0:00:01]} fxe5 {[%emt 0:00:01]} 15. Nxe5 {[%emt 0:00:00]} Nxe5 {[%emt 0:00:01]} 16. Bxe5 {[%emt 0:00:00]} Ng6 {[%emt 0:00:02]} 17. Bd4+ {[%emt 0:00:02]} Be7 {[%emt 0:00:01]} 18. Bxg7 {[%emt 0:00:01]} Rg8 {[%emt 0:00:04]} 19. Bd4 {[%emt 0:00:01]} Rd8 {[%emt 0:00:02]} 20. Nb5 {[%emt 0:00:01]} Rd7 {[%emt 0:00:02]} 21. Re2 {[%emt 0:00:04]} Qf6 {[%emt 0:00:03]} 22. Bxf6 {[%emt 0:00:02]} Ba6 {[%emt 0:00:11]} 23. Rxe7+ {[%emt 0:00:00]} Rxe7 {[%emt 0:00:01]} 24. Bxe7 {[%emt 0:00:01]} Kxe7 {[%emt 0:00:00]} 25. Qa3+ {[%emt 0:00:01]} Kd7 {[%emt 0:00:01]} 26. Qxa6 {[%emt 0:00:00] Stepmaker resigns Stepmaker resigns Stepmaker resigns (Lag: Av=0.37s, max=0.7s) (Lag: Av=0.37s, max=0.7s) (Lag: Av=0.37s, max=0.7s)} 1-0

[Event "Stay Safe Play From Home 377"]
[Site "Emanuel Lasker Arena"]
[Date "2020.08.12"]
[Round "7"]
[White "CabianoFaruana"]
[Black "SoulofWolf"]
[Result "0-1"]
[WhiteElo "2017"]
[BlackElo "2148"]
[PlyCount "136"]
[EventDate "2020.08.12"]
[EventType "swiss (blitz)"]

1. e4 {[%emt 0:00:01]} e6 {[%emt 0:00:00]} 2. d4 {[%emt 0:00:01]} d5 {[%emt 0:00:00]} 3. e5 {[%emt 0:00:00]} c5 {[%emt 0:00:01]} 4. c3 {[%emt 0:00:00]} Nc6 {[%emt 0:00:00]} 5. Nf3 {[%emt 0:00:00]} Be7 {[%emt 0:00:01]} 6. Bd3 {[%emt 0:00:00]} f6 {[%emt 0:00:00]} 7. exf6 {[%emt 0:00:02]} Nxf6 {[%emt 0:00:01]} 8. O-O {[%emt 0:00:00]} O-O {[%emt 0:00:00]} 9. Re1 {[%emt 0:00:00]} Qc7 {[%emt 0:00:01]} 10. dxc5 {[%emt 0:00:01]} Bxc5 {[%emt 0:00:01]} 11. Bg5 {[%emt 0:00:01]} Bd6 {[%emt 0:00:01]} 12. Nbd2 {[%emt 0:00:01]} Bd7 {[%emt 0:00:01]} 13. Rc1 {[%emt 0:00:02]} Rae8 {[%emt 0:00:00]} 14. c4 {[%emt 0:00:00]} Nb4 {[%emt 0:00:01]} 15. Bb1 {[%emt 0:00:01]} dxc4 {[%emt 0:00:02]} 16. Nxc4 {[%emt 0:00:00]} Bf4 {[%emt 0:00:06]} 17. Bxf4 {[%emt 0:00:02]} Qxf4 {[%emt 0:00:01]} 18. a3 {[%emt 0:00:01]} Nbd5 {[%emt 0:00:01]} 19. Qd4 {[%emt 0:00:02]} Qh6 {[%emt 0:00:03]} 20. Nce5 {[%emt 0:00:02]} Bc8 {[%emt 0:00:02]} 21. Ba2 {[%emt 0:00:02]} Rd8 {[%emt 0:00:01]} 22. Qa4 {[%emt 0:00:02]} a6 {[%emt 0:00:02]} 23. Red1 {[%emt 0:00:03]} Kh8 {[%emt 0:00:05]} 24. Qh4 {[%emt 0:00:02]} Qxh4 {[%emt 0:00:01]} 25. Nxh4 {[%emt 0:00:00]} Ne4 {[%emt 0:00:01]} 26. Nhf3 {[%emt 0:00:04]} h6 {[%emt 0:00:01]} 27. Re1 {[%emt 0:00:01]} Nef6 {[%emt 0:00:03]} 28. Ng6+ {[%emt 0:00:01]} Kg8 {[%emt 0:00:01]} 29. Nxf8 {[%emt 0:00:00]} Kxf8 {[%emt 0:00:00]} 30. Re5 {[%emt 0:00:01]} Kf7 {[%emt 0:00:01]} 31. Rce1 {[%emt 0:00:01]} Rd6 {[%emt 0:00:02]} 32. Nd4 {[%emt 0:00:01]} Bd7 {[%emt 0:00:01]} 33. g3 {[%emt 0:00:01]} Rb6 {[%emt 0:00:00]} 34. b4 {[%emt 0:00:01]} Ng4 {[%emt 0:00:01]} 35. R5e4 {[%emt 0:00:02]} Ngf6 {[%emt 0:00:01]} 36. R4e2 {[%emt 0:00:01]} g5 {[%emt 0:00:01]} 37. h4 {[%emt 0:00:02]} Nc3 {[%emt 0:00:01]} 38. Rc2 {[%emt 0:00:01]} Nxa2 {[%emt 0:00:01]} 39. Rxa2 {[%emt 0:00:00]} Rd6 {[%emt 0:00:00]} 40. Nb3 {[%emt 0:00:01]} gxh4 {[%emt 0:00:00]} 41. gxh4 {[%emt 0:00:01]} Rd3 {[%emt 0:00:01]} 42. Nc5 {[%emt 0:00:01]} Rd6 {[%emt 0:00:01]} 43. Kg2 {[%emt 0:00:01]} Bc6+ {[%emt 0:00:02]} 44. Kg3 {[%emt 0:00:02]} Nh5+ {[%emt 0:00:01]} 45. Kg4 {[%emt 0:00:01]} Nf6+ {[%emt 0:00:01]} 46. Kf4 {[%emt 0:00:01]} Nh5+ {[%emt 0:00:00]} 47. Kg4 {[%emt 0:00:01]} Nf6+ {[%emt 0:00:01]} 48. Kh3 {[%emt 0:00:00]} Rd4 {[%emt 0:00:01]} 49. Rae2 {[%emt 0:00:01]} Bd5 {[%emt 0:00:01]} 50. Nxe6 {[%emt 0:00:01]} Bxe6+ {[%emt 0:00:01]} 51. Rxe6 {[%emt 0:00:01]} Rd7 {[%emt 0:00:00]} 52. Rb6 {[%emt 0:00:01]} Nh5 {[%emt 0:00:01]} 53. Kg2 {[%emt 0:00:00]} Nf4+ {[%emt 0:00:00]} 54. Kf3 {[%emt 0:00:01]} Nh5 {[%emt 0:00:00]} 55. Ree6 {[%emt 0:00:01]} Nf6 {[%emt 0:00:00]} 56. Rxf6+ {[%emt 0:00:00]} Ke7 {[%emt 0:00:00]} 57. Rxh6 {[%emt 0:00:01]} Kd8 {[%emt 0:00:00]} 58. Rh8+ {[%emt 0:00:01]} Kc7 {[%emt 0:00:00]} 59. Rbh6 {[%emt 0:00:01]} Rf7+ {[%emt 0:00:00]} 60. Kg3 {[%emt 0:00:01]} Rf5 {[%emt 0:00:00]} 61. Kh3 {[%emt 0:00:00]} Rf4 {[%emt 0:00:01]} 62. R8h7+ {[%emt 0:00:00]} Kb8 {[%emt 0:00:01]} 63. Rg7 {[%emt 0:00:00]} Ka7 {[%emt 0:00:00]} 64. Rh8 {[%emt 0:00:00]} Rd4 {[%emt 0:00:00]} 65. Rgg8 {[%emt 0:00:01]} Kb6 {[%emt 0:00:00]} 66. Ra8 {[%emt 0:00:00]} Kb5 {[%emt 0:00:00]} 67. Rh6 {[%emt 0:00:00]} Rd2 {[%emt 0:00:00]} 68. Rb6+ {[%emt 0:00:00]} Ka4 {[%emt 0:00:00] Time Time Time (Lag: Av=0.37s, max=0.7s) (Lag: Av=0.37s, max=0.7s) (Lag: Av=0.37s, max=0.7s) . . .} 0-1

[Event "Stay Safe Play From Home 377"]
[Site "Emanuel Lasker Arena"]
[Date "2020.08.12"]
[Round "7"]
[White "TheCHESSHOUSE"]
[Black "Klasman"]
[Result "1-0"]
[WhiteElo "2000"]
[BlackElo "1295"]
[PlyCount "53"]
[EventDate "2020.08.12"]
[EventType "swiss (blitz)"]

1. d4 {[%emt 0:00:00]} f5 {[%emt 0:00:01]} 2. c4 {[%emt 0:00:01]} Nf6 {[%emt 0:00:01]} 3. Nf3 {[%emt 0:00:00]} e6 {[%emt 0:00:01]} 4. Nc3 {[%emt 0:00:00]} Bb4 {[%emt 0:00:01]} 5. Bd2 {[%emt 0:00:01]} c5 {[%emt 0:00:03]} 6. d5 {[%emt 0:00:01]} Qa5 {[%emt 0:00:02]} 7. g3 {[%emt 0:00:02]} Ne4 {[%emt 0:00:01]} 8. Nxe4 {[%emt 0:00:01]} fxe4 {[%emt 0:00:02]} 9. Ne5 {[%emt 0:00:01]} Bxd2+ {[%emt 0:00:02]} 10. Qxd2 {[%emt 0:00:00]} Qxd2+ {[%emt 0:00:02]} 11. Kxd2 {[%emt 0:00:00]} exd5 {[%emt 0:00:03]} 12. cxd5 {[%emt 0:00:00]} O-O {[%emt 0:00:01]} 13. f4 {[%emt 0:00:03]} d6 {[%emt 0:00:01]} 14. Nc4 {[%emt 0:00:02]} Rf6 {[%emt 0:00:04]} 15. Bg2 {[%emt 0:00:02]} b5 {[%emt 0:00:01]} 16. Ne3 {[%emt 0:00:01]} g5 {[%emt 0:00:06]} 17. fxg5 {[%emt 0:00:03]} Rg6 {[%emt 0:00:03]} 18. h4 {[%emt 0:00:01]} Bd7 {[%emt 0:00:05]} 19. Bxe4 {[%emt 0:00:02]} Rg7 {[%emt 0:00:02]} 20. h5 {[%emt 0:00:01]} Na6 {[%emt 0:00:02]} 21. a3 {[%emt 0:00:02]} Re8 {[%emt 0:00:01]} 22. Bd3 {[%emt 0:00:01]} Rge7 {[%emt 0:00:01]} 23. Ng4 {[%emt 0:00:03]} c4 {[%emt 0:00:01]} 24. Nf6+ {[%emt 0:00:01]} Kg7 {[%emt 0:00:06]} 25. h6+ {[%emt 0:00:01]} Kh8 {[%emt 0:00:02]} 26. Nxe8 {[%emt 0:00:02]} cxd3 {[%emt 0:00:04]} 27. Nf6 {[%emt 0:00:02] Time Time Time (Lag: Av=0.76s, max=1.2s) (Lag: Av=0.76s, max=1.2s) (Lag: Av=0.76s, max=1.2s)} 1-0

[Event "Stay Safe Play From Home 377"]
[Site "Emanuel Lasker Arena"]
[Date "2020.08.12"]
[Round "7"]
[White "Ao017545"]
[Black "Mandy"]
[Result "1-0"]
[WhiteElo "1518"]
[BlackElo "856"]
[Annotator "NA"]
[PlyCount "33"]
[EventDate "2020.08.12"]
[EventType "swiss (blitz)"]

1. e3 {[%emt 0:00:02]} c6 {[%emt 0:00:03]} 2. Nf3 {[%emt 0:00:00]} Nf6 {[%emt 0:00:01]} 3. Bc4 {[%emt 0:00:00]} e6 {[%emt 0:00:02]} 4. Ne5 {[%emt 0:00:01]} d5 {[%emt 0:00:01]} 5. Be2 {[%emt 0:00:02]} Bd6 {[%emt 0:00:06]} 6. d4 {[%emt 0:00:03]} Bxe5 {[%emt 0:00:04]} 7. dxe5 {[%emt 0:00:00]} Nfd7 {[%emt 0:00:05]} 8. f4 {[%emt 0:00:00]} O-O {[%emt 0:00:03]} 9. Bd3 {[%emt 0:00:03]} Nc5 {[%emt 0:00:02]} 10. Be2 {[%emt 0:00:02]} Ne4 {[%emt 0:00:04]} 11. b4 {[%emt 0:00:01]} c5 {[%emt 0:00:04]} 12. bxc5 {[%emt 0:00:02]} Nxc5 {[%emt 0:00:05]} 13. Bb2 {[%emt 0:00:02]} Ne4 {[%emt 0:00:05]} 14. Bd4 {[%emt 0:00:01]} Nc6 {[%emt 0:00:04]} 15. h4 {[%emt 0:00:01]} Nxd4 {[%emt 0:00:02]} 16. exd4 {[%emt 0:00:02]} b6 {[%emt 0:00:07]} 17. Nd2 {[%emt 0:00:00] Zeit Zeit Zeit (Lag: Av=0.70s, max=1.0s) (Lag: Av=0.70s, max=1.0s) (Lag: Av=0.70s, max=1.0s)} 1-0

[Event "Stay Safe Play From Home 377"]
[Site "Emanuel Lasker Arena"]
[Date "2020.08.12"]
[Round "8"]
[White "AChessPlayer"]
[Black "Lamborghini"]
[Result "1-0"]
[WhiteElo "2460"]
[BlackElo "2259"]
[PlyCount "91"]
[EventDate "2020.08.12"]
[EventType "swiss (blitz)"]

1. Nf3 {[%emt 0:00:01]} Nf6 {[%emt 0:00:02]} 2. g3 {[%emt 0:00:00]} g6 {[%emt 0:00:00]} 3. Bg2 {[%emt 0:00:00]} Bg7 {[%emt 0:00:00]} 4. O-O {[%emt 0:00:00]} O-O {[%emt 0:00:00]} 5. d3 {[%emt 0:00:00]} d5 {[%emt 0:00:01]} 6. Nc3 {[%emt 0:00:01]} c6 {[%emt 0:00:00]} 7. e4 {[%emt 0:00:01]} dxe4 {[%emt 0:00:01]} 8. dxe4 {[%emt 0:00:00]} Qxd1 {[%emt 0:00:01]} 9. Rxd1 {[%emt 0:00:00]} h6 {[%emt 0:00:01]} 10. h3 {[%emt 0:00:01]} Be6 {[%emt 0:00:01]} 11. Be3 {[%emt 0:00:01]} Na6 {[%emt 0:00:01]} 12. Nd4 {[%emt 0:00:00]} Bc8 {[%emt 0:00:01]} 13. e5 {[%emt 0:00:01]} Nd7 {[%emt 0:00:03]} 14. f4 {[%emt 0:00:00]} Nb6 {[%emt 0:00:05]} 15. a3 {[%emt 0:00:01]} h5 {[%emt 0:00:05]} 16. b3 {[%emt 0:00:01]} f6 {[%emt 0:00:01]} 17. e6 {[%emt 0:00:04]} f5 {[%emt 0:00:01]} 18. Re1 {[%emt 0:00:01]} Rd8 {[%emt 0:00:02]} 19. Rad1 {[%emt 0:00:01]} Nc5 {[%emt 0:00:07]} 20. Kf2 {[%emt 0:00:01]} Na6 {[%emt 0:00:10]} 21. Nb1 {[%emt 0:00:08]} Nc7 {[%emt 0:00:01]} 22. Nxc6 {[%emt 0:00:02]} Re8 {[%emt 0:00:03]} 23. Nd4 {[%emt 0:00:03]} Nbd5 {[%emt 0:00:01]} 24. c4 {[%emt 0:00:02]} Nxe3 {[%emt 0:00:01]} 25. Rxe3 {[%emt 0:00:00]} Bxd4 {[%emt 0:00:01]} 26. Rxd4 {[%emt 0:00:02]} Nxe6 {[%emt 0:00:00]} 27. Bd5 {[%emt 0:00:01]} Kf7 {[%emt 0:00:02]} 28. Nc3 {[%emt 0:00:01]} a5 {[%emt 0:00:01]} 29. Rd2 {[%emt 0:00:01]} Ra6 {[%emt 0:00:01]} 30. Rde2 {[%emt 0:00:00]} Rd6 {[%emt 0:00:01]} 31. Nb5 {[%emt 0:00:01]} Rxd5 {[%emt 0:00:01]} 32. cxd5 {[%emt 0:00:00]} Nc5 {[%emt 0:00:00]} 33. Nc7 {[%emt 0:00:01]} Ne4+ {[%emt 0:00:01]} 34. Rxe4 {[%emt 0:00:00]} fxe4 {[%emt 0:00:01]} 35. Nxe8 {[%emt 0:00:00]} Kxe8 {[%emt 0:00:01]} 36. Rxe4 {[%emt 0:00:01]} Bxh3 {[%emt 0:00:00]} 37. Rd4 {[%emt 0:00:00]} Bf5 {[%emt 0:00:00]} 38. Ke3 {[%emt 0:00:00]} Kd7 {[%emt 0:00:00]} 39. b4 {[%emt 0:00:00]} Kd6 {[%emt 0:00:00]} 40. bxa5 {[%emt 0:00:01]} Kc5 {[%emt 0:00:00]} 41. Rb4 {[%emt 0:00:00]} Kxd5 {[%emt 0:00:01]} 42. Rb5+ {[%emt 0:00:01]} Kc6 {[%emt 0:00:01]} 43. Rb6+ {[%emt 0:00:01]} Kc7 {[%emt 0:00:00]} 44. Kd4 {[%emt 0:00:00]} e6 {[%emt 0:00:00]} 45. Ke5 {[%emt 0:00:00]} h4 {[%emt 0:00:00]} 46. gxh4 {[%emt 0:00:01] Zeit Zeit Zeit (Lag: Av=0.59s, max=1.7s) (Lag: Av=0.59s, max=1.7s) (Lag: Av=0.59s, max=1.7s)} 1-0

[Event "Stay Safe Play From Home 377"]
[Site "Emanuel Lasker Arena"]
[Date "2020.08.12"]
[Round "8"]
[White "Tolka"]
[Black "NTBT_DHS"]
[Result "0-1"]
[WhiteElo "2320"]
[BlackElo "2568"]
[PlyCount "66"]
[EventDate "2020.08.12"]
[EventType "swiss (blitz)"]

1. e4 {[%emt 0:00:01]} c5 {[%emt 0:00:04]} 2. Nc3 {[%emt 0:00:00]} Nc6 {[%emt 0:00:00]} 3. Bb5 {[%emt 0:00:01]} Nf6 {[%emt 0:00:01]} 4. Bxc6 {[%emt 0:00:01]} dxc6 {[%emt 0:00:00]} 5. d3 {[%emt 0:00:00]} e5 {[%emt 0:00:00]} 6. h3 {[%emt 0:00:00]} Be7 {[%emt 0:00:00]} 7. Nge2 {[%emt 0:00:00]} h6 {[%emt 0:00:01]} 8. O-O {[%emt 0:00:00]} Be6 {[%emt 0:00:00]} 9. f4 {[%emt 0:00:00]} exf4 {[%emt 0:00:03]} 10. Nxf4 {[%emt 0:00:00]} Qd7 {[%emt 0:00:01]} 11. Be3 {[%emt 0:00:01]} O-O-O {[%emt 0:00:01]} 12. Qe1 {[%emt 0:00:01]} Rhe8 {[%emt 0:00:01]} 13. Qf2 {[%emt 0:00:00]} b6 {[%emt 0:00:01]} 14. a4 {[%emt 0:00:01]} Bd6 {[%emt 0:00:02]} 15. a5 {[%emt 0:00:02]} Kb7 {[%emt 0:00:00]} 16. axb6 {[%emt 0:00:01]} axb6 {[%emt 0:00:00]} 17. b4 {[%emt 0:00:03]} cxb4 {[%emt 0:00:02]} 18. Na4 {[%emt 0:00:00]} c5 {[%emt 0:00:03]} 19. c3 {[%emt 0:00:02]} Ra8 {[%emt 0:00:01]} 20. Nb2 {[%emt 0:00:05]} bxc3 {[%emt 0:00:01]} 21. Nc4 {[%emt 0:00:01]} Bxc4 {[%emt 0:00:02]} 22. dxc4 {[%emt 0:00:01]} Nxe4 {[%emt 0:00:00]} 23. Qf3 {[%emt 0:00:01]} Qc6 {[%emt 0:00:00]} 24. Nd5 {[%emt 0:00:01]} f6 {[%emt 0:00:05]} 25. Rxa8 {[%emt 0:00:02]} Kxa8 {[%emt 0:00:00]} 26. Qd1 {[%emt 0:00:01]} Kb7 {[%emt 0:00:04]} 27. Qb3 {[%emt 0:00:02]} b5 {[%emt 0:00:02]} 28. Rb1 {[%emt 0:00:01]} b4 {[%emt 0:00:00]} 29. Ra1 {[%emt 0:00:01]} Ra8 {[%emt 0:00:02]} 30. Rxa8 {[%emt 0:00:02]} Kxa8 {[%emt 0:00:00]} 31. Qa2+ {[%emt 0:00:00]} Kb7 {[%emt 0:00:00]} 32. Qa6+ {[%emt 0:00:01]} Qxa6 {[%emt 0:00:01]} 33. Bxc5 {[%emt 0:00:01]} Qa1# {[%emt 0:00:01] (Lag: Av=0.62s, max=1.0s) (Lag: Av=0.62s, max=1.0s) (Lag: Av=0.62s, max=1.0s)} 0-1

[Event "Stay Safe Play From Home 377"]
[Site "Emanuel Lasker Arena"]
[Date "2020.08.12"]
[Round "8"]
[White "MihailoVujic"]
[Black "SelamiSahin"]
[Result "1-0"]
[WhiteElo "2230"]
[BlackElo "2117"]
[PlyCount "77"]
[EventDate "2020.08.12"]
[EventType "swiss (blitz)"]

{- Yarar, Atakan} 1. e4 {[%emt 0:00:02]} c6 {[%emt 0:00:00]} 2. d4 {[%emt 0:00:01]} d5 {[%emt 0:00:00]} 3. f3 {[%emt 0:00:01]} e6 {[%emt 0:00:01]} 4. Nc3 {[%emt 0:00:01]} Bb4 {[%emt 0:00:01]} 5. Bd2 {[%emt 0:00:02]} Nf6 {[%emt 0:00:01]} 6. e5 {[%emt 0:00:02]} Nfd7 {[%emt 0:00:01]} 7. f4 {[%emt 0:00:00]} c5 {[%emt 0:00:01]} 8. dxc5 {[%emt 0:00:01]} Nxc5 {[%emt 0:00:01]} 9. Nf3 {[%emt 0:00:01]} Nc6 {[%emt 0:00:01]} 10. Bd3 {[%emt 0:00:01]} Qb6 {[%emt 0:00:01]} 11. a3 {[%emt 0:00:02]} Nxd3+ {[%emt 0:00:01]} 12. cxd3 {[%emt 0:00:01]} Bc5 {[%emt 0:00:01]} 13. Qe2 {[%emt 0:00:03]} Qxb2 {[%emt 0:00:03]} 14. Rb1 {[%emt 0:00:01]} Qxa3 {[%emt 0:00:01]} 15. Nb5 {[%emt 0:00:03]} Qa2 {[%emt 0:00:02]} 16. Nc3 {[%emt 0:00:08]} Qa5 {[%emt 0:00:06]} 17. Rb5 {[%emt 0:00:03]} Qa1+ {[%emt 0:00:03]} 18. Rb1 {[%emt 0:00:01]} Qa3 {[%emt 0:00:02]} 19. d4 {[%emt 0:00:05]} Bb4 {[%emt 0:00:02]} 20. Qd3 {[%emt 0:00:03]} Bxc3 {[%emt 0:00:03]} 21. Bxc3 {[%emt 0:00:02]} O-O {[%emt 0:00:01]} 22. O-O {[%emt 0:00:01]} Qe7 {[%emt 0:00:02]} 23. Ng5 {[%emt 0:00:01]} g6 {[%emt 0:00:01]} 24. Qh3 {[%emt 0:00:01]} h5 {[%emt 0:00:01]} 25. g4 {[%emt 0:00:00]} Kg7 {[%emt 0:00:01]} 26. gxh5 {[%emt 0:00:05]} Rh8 {[%emt 0:00:01]} 27. Qg3 {[%emt 0:00:02]} Rxh5 {[%emt 0:00:01]} 28. h4 {[%emt 0:00:00]} a6 {[%emt 0:00:01]} 29. Kg2 {[%emt 0:00:00]} b5 {[%emt 0:00:01]} 30. Bd2 {[%emt 0:00:01]} a5 {[%emt 0:00:02]} 31. Be3 {[%emt 0:00:00]} Nb4 {[%emt 0:00:01]} 32. f5 {[%emt 0:00:01]} exf5 {[%emt 0:00:01]} 33. Nf3 {[%emt 0:00:01]} Nc2 {[%emt 0:00:04]} 34. Bg5 {[%emt 0:00:00]} Qe6 {[%emt 0:00:02]} 35. Bf6+ {[%emt 0:00:00]} Kg8 {[%emt 0:00:01]} 36. Ng5 {[%emt 0:00:00]} Rxg5 {[%emt 0:00:02]} 37. Qxg5 {[%emt 0:00:01]} Qe8 {[%emt 0:00:01]} 38. Qh6 {[%emt 0:00:00]} Qf8 {[%emt 0:00:01]} 39. Qh8# {[%emt 0:00:00] (Lag: Av=0.78s, max=2.1s) (Lag: Av=0.78s, max=2.1s) (Lag: Av=0.78s, max=2.1s)} 1-0